Folklore of the kolhan/ (Record no. 19079)
[ view plain ]
| 000 -LEADER | |
|---|---|
| fixed length control field | 01067nam a22002894a 4500 |
| 005 - DATE AND TIME OF LATEST TRANSACTION | |
| control field | 20240903115124.0 |
| 008 - FIXED-LENGTH DATA ELEMENTS--GENERAL INFORMATION | |
| fixed length control field | 070914s2007 ii a b 000 0 eng |
| 010 ## - LCCN (DPL NO) | |
| LC control number | ENG-141588 |
| 020 ## - INTERNATIONAL STANDARD BOOK NUMBER | |
| Terms of availability | 225.00 |
| 035 ## - SYSTEM CONTROL NUMBER | |
| System control number | EN-125120 |
| 037 ## - SOURCE OF ACQUISITION | |
| Source of stock number/acquisition | DBAD |
| 040 ## - CATALOGING SOURCE | |
| Original cataloging agency | dpl |
| Language of cataloging | English |
| 082 ## - DEWEY DECIMAL CLASSIFICATION NUMBER | |
| Classification number | 398.20954 |
| 100 ## - MAIN ENTRY--PERSONAL NAME | |
| Personal name | Bompas, C.H. |
| 9 (RLIN) | 70878 |
| 245 ## - TITLE STATEMENT | |
| Title | Folklore of the kolhan/ |
| Statement of responsibility, etc | By C.H. Bompas |
| 260 ## - PUBLICATION, DISTRIBUTION, ETC. (IMPRINT) | |
| Place of publication, distribution, etc | Kolkata |
| Name of publisher, distributor, etc | The Asiatic Society, |
| Date of publication, distribution, etc | 2006 |
| 300 ## - PHYSICAL DESCRIPTION | |
| Extent | xii, 95 p. |
| Dimensions | 24 cm (Hb) |
| 500 ## - GENERAL NOTE | |
| General note | Previously published in the 2nd issue of the Journal of the Asiatic Society in 1902. |
| 520 ## - SUMMARY, ETC. | |
| Summary, etc | Collection of folk stories of Ho and Santals, tribal communities, from Kolhan in Chota NÄgpur Region. |
| 546 ## - LANGUAGE NOTE | |
| Language note | Includes passages in Bengali. |
| 650 ## - SUBJECT ADDED ENTRY--TOPICAL TERM | |
| Topical term or geographic name as entry element | Ho (Indic people) |
| Geographic subdivision | India |
| -- | Kolhan |
| General subdivision | Folklore. |
| 9 (RLIN) | 70879 |
| 650 ## - SUBJECT ADDED ENTRY--TOPICAL TERM | |
| Topical term or geographic name as entry element | Santal (South Asian people) |
| Geographic subdivision | India |
| -- | Kolhan |
| General subdivision | Folklore. |
| 9 (RLIN) | 70880 |
| 700 ## - ADDED ENTRY--PERSONAL NAME | |
| Personal name | Sengupta, Pallab |
| 9 (RLIN) | 70881 |
| 700 ## - ADDED ENTRY--PERSONAL NAME | |
| Personal name | Basu, Arpita |
| 9 (RLIN) | 70882 |
| 700 ## - ADDED ENTRY--PERSONAL NAME | |
| Personal name | Basu, Sarmistha De |
| 9 (RLIN) | 70883 |
| 942 ## - ADDED ENTRY ELEMENTS (KOHA) | |
| Source of classification or shelving scheme | Dewey Decimal Classification |
| Item type | English Books |
| Call number suffix | BOM |
| Classification part | 398.20954 |
| Withdrawn status | Lost status | Source of classification or shelving scheme | Damaged status | Not for loan | Collection code | Home library | Current library | Date acquired | Source of acquisition | Cost, normal purchase price | Total Checkouts | Full call number | Barcode | Date last seen | Copy number | Cost, replacement price | Koha item type |
|---|---|---|---|---|---|---|---|---|---|---|---|---|---|---|---|---|---|
| Dewey Decimal Classification | Non-fiction | Shahdara Branch | Shahdara Branch | 03/09/2024 | DBAD | 225.00 | 398.20954 BOM | EN-125120 | 25/11/2008 | 1 | 225.00 | English Books |
